| 000 | 00935cam a22002174a 4500 | ||
|---|---|---|---|
| 005 | 20250605164135.0 | ||
| 008 | 250528s ||||||||||||||||||||||||d | ||
| 035 | _a18740 | ||
| 020 | _a671208888 | ||
| 040 |
_aGR-AtMCL _bgre _dGR-AtMCL _eAACR2 |
||
| 245 | 1 | _aThe Last Days of Mankind / Ecological Survival of Extinction | |
| 250 | _a1st | ||
| 260 | _c1971 | ||
| 300 | _a322 | ||
| 520 | _aEcology: An Introduction, The Waters and Wetlands, Rivers and Dams and Floods, Water Pollution and the Great Water Shortage, The Everglades, The Woodlands, The Forests, Drama in the Redwoods, The Wildlife, The Blight of Civilization, The Ecology of the City, The Road Builders, Man and Pesticides, In the Public Domain, Public Lands and Public Parks, Protection or Multiple Use?, Life in the Balance, Index. | ||
| 700 | 1 |
_aMines Samuel _94993 |
|
| 700 | 1 |
_aSimon And Schuster _91408 |
|
| 942 | _cBK | ||
| 999 |
_c4059 _d4059 |
||